000 00640nam a22001935i 4500
001 152284
003 ES-MaACL
005 20230906204625.0
008 051014s1858 xx a | |||||||| ||fre d
100 1 _aBodin, Jean Jules.
_9126034
245 1 0 _aInstruments aratoires /
_cpar J. Bodin.
260 _a[S.l. :
_bs.n,
_c1858]
300 _a16 p., [44] p. de lám. ;
_c20 cm.
594 _aTit. y autor tomados de comienzo de texto.
596 _aEn p.1 consta 1858.
599 _aLas [44] p. son il. de arados.
650 4 _aArados.
_9135588
852 4 _aES-MaACL
_jT-1-F-8
_z- Enc. hol. , falto de port.
_z- Enc. en un vol. facticio
999 _c152284
_d152284